000 01501cam a22003254a 4500
001 3574858
005 20040621191420.0
008 990514s2000 iia |rb 001 0 eng
010 _a99016026
020 _a8126511141
040 _aDLC
_cDLC
_dDLC
042 _apcc
050 0 0 _aQA76.758
_b.P45 2000
082 0 0 _a005.1
_222
_bPET
100 1 _aPeters, James F.
_912812
245 1 0 _aSoftware Engineering :
_bAn Engineering Approach /
_cJames F. Peters, Witold Pedrycz.
260 _aNew Delhi :
_b Wiley, 2000
_c2000.
300 _axviii, 702 p. :
_bill. ;
_c24 cm.
440 0 _aWorldwide series in computer science
_912813
504 _aIncludes bibliographical references and index.
650 0 _aSoftware engineering.
_912814
700 1 _aPedrycz, Witold,
_d1953-
_912815
856 4 2 _3Contributor biographical information
_uhttp://www.loc.gov/catdir/bios/wiley042/99016026.html
856 4 2 _3Publisher description
_uhttp://www.loc.gov/catdir/description/wiley033/99016026.html
856 4 _3Table of Contents
_uhttp://www.loc.gov/catdir/toc/onix04/99016026.html
942 _2ddc
_cBB
999 _c13709
_d13709